000 00398nam a22001217a 4500
999 _c287
_d287
005 20200812111601.0
008 200812b ||||| |||| 00| 0 eng d
020 _a517583
040 _cCML
245 _aDemographic Perspectives in Zambia: Rural-Urban Growth and Social Change.
_cOhadike, P.
260 _aZambia
_bUniversity of Zambia
_c1981
942 _2ddc
_cBK
_e1st Esition
_h304
_mOHA